| 000 | 00651nam a2200145 a 4500 | ||
|---|---|---|---|
| 008 | 180626s2017 ||||||||||||||||| || u | ||
| 050 | _aZWMA905)AR/2017 | ||
| 110 | _aZambia Weights and Measures Agency (ZWMA) | ||
| 245 | 1 | 0 |
_aAnnual report, 2017 _cby Zambia Weights and Measures Agency [ZWMA] |
| 260 |
_aLusaka _bZambia Weights and Measures Agency (ZWMA) _c2017 |
||
| 300 | _a77 pages: illustrations | ||
| 650 | _aZAMBIA METROLOGY AGENCY | ||
| 650 | _aZAMBIA WEIGHTS AND MEASURES AGENCY (ZWMA) | ||
| 995 |
_FCBU-MAIN LIBRARY (Kitwe) _M1 _UAVAILABLE _WJun 26, 2018 _XZambian Periodical _ZZambiana Collection |
||
| 999 |
_c34431 _d34431 |
||